Modulation (Record no. 68683)

000 -LEADER
fixed length control field 00454nam a22001817a 4500
003 - CONTROL NUMBER IDENTIFIER
control field NUST - PNEC
005 - DATE AND TIME OF LATEST TRANSACTION
control field 20170116181059.0
008 - FIXED-LENGTH DATA ELEMENTS--GENERAL INFORMATION
fixed length control field 151002b xxu||||| |||| 00| 0 eng d
020 ## - INTERNATIONAL STANDARD BOOK NUMBER
International Standard Book Number 0713134577
040 ## - CATALOGING SOURCE
Transcribing agency LIBRARY
082 ## - DEWEY DECIMAL CLASSIFICATION NUMBER
Classification number 621.38043 CON
100 ## - MAIN ENTRY--PERSONAL NAME
9 (RLIN) 5366
Personal name Connor, Frank Robert
245 ## - TITLE STATEMENT
Title Modulation
Statement of responsibility, etc. Frank Robert Connor
250 ## - EDITION STATEMENT
Edition statement 2nd ed.
260 ## - PUBLICATION, DISTRIBUTION, ETC.
Date of publication, distribution, etc. c 1982
650 ## - SUBJECT ADDED ENTRY--TOPICAL TERM
9 (RLIN) 12260
Topical term or geographic name entry element Modulation (Electronics)
General subdivision ME
942 ## - ADDED ENTRY ELEMENTS (KOHA)
Source of classification or shelving scheme
Koha item type Book
Holdings
Withdrawn status Lost status Source of classification or shelving scheme Damaged status Not for loan Permanent Location Current Location Shelving location Date acquired Total Checkouts Full call number Barcode Date last seen Price effective from Koha item type
          Pakistan Navy Engineering College (PNEC) Pakistan Navy Engineering College (PNEC)       621.38043 CON PNECLIB-018258 10/02/2015   Book
© 2023 Central Library, National University of Sciences and Technology. All Rights Reserved.